Top 25 Trading Partners - Albania - Statistics

General Stats
  • This quiz has been taken 115 times
  • The average score is 44 of 50
Answer Stats
Hint Answer % Correct
5th Place: 121 Greece
99%
4th Place: 482 Greece
99%
1st Place: 1,381 Italy
99%
1st Place: 1,623 Italy
99%
22nd Place: 10 United Kingdom
99%
21st Place: 55 United Kingdom
99%
8th Place: 117 Russia
96%
7th Place: 52 China
95%
3rd Place: 498 China
95%
13th Place: 31 France
95%
9th Place: 115 France
95%
9th Place: 49 United States of America
95%
14th Place: 85 United States of America
95%
4th Place: 124 Germany
94%
5th Place: 459 Germany
94%
2nd Place: 325 Serbia
94%
6th Place: 283 Serbia
94%
19th Place: 19 Turkey
94%
2nd Place: 501 Turkey
94%
3rd Place: 223 Spain
91%
7th Place: 148 Spain
91%
24th Place: 8 Croatia
90%
18th Place: 61 Croatia
90%
21st Place: 12 Bosnia and Herzegovina
88%
10th Place: 44 Romania
88%
10th Place: 98 Romania
88%
14th Place: 31 Slovenia
88%
25th Place: 40 Slovenia
88%
15th Place: 27 Bulgaria
87%
15th Place: 82 Bulgaria
87%
6th Place: 79 North Macedonia
87%
13th Place: 88 North Macedonia
87%
16th Place: 27 Switzerland
87%
11th Place: 94 Switzerland
87%
20th Place: 18 Austria
86%
17th Place: 61 Austria
86%
17th Place: 25 Hungary
86%
24th Place: 40 Hungary
86%
8th Place: 52 Montenegro
85%
12th Place: 37 Netherlands
85%
20th Place: 57 Netherlands
85%
25th Place: 8 Poland
83%
12th Place: 89 Poland
83%
18th Place: 21 Sweden
83%
11th Place: 41 Czech Republic
81%
19th Place: 60 Czech Republic
81%
23rd Place: 10 Denmark
76%
23rd Place: 49 Egypt
72%
22nd Place: 52 India
72%
16th Place: 65 Israel
60%
No matching quizzes found
Score Distribution
Percent of People with Each Score
Percentile by Number Answered
Your Score History
You have not taken this quiz